Sartre

Сохранить в:
Библиографические подробности
Главный автор: Albérès, Rene-Marill (autor)
Формат:
Язык:испанский
Опубликовано: Barcelona Fontanella 1963
Серии:Testigos del siglo XX, 8
Предметы:
Метки: Добавить метку
Нет меток, Требуется 1-ая метка записи!

MARC

LEADER 00000nam a2200000 a 4500
001 UCW9639
003 CL-VaPUC
008 890601e19630000SP |||||||||||||||||spa|d
082 0 4 |a 194  |b ALB  |2 21 
100 |a Albérès, Rene-Marill  |e autor  |9 414064 
245 1 0 |a Sartre 
300 |a 176 p 
942 |c BK 
945 |d 19890601 00:00:00 
260 |a Barcelona  |b Fontanella  |c 1963 
600 0 7 |a SARTRE, JEAN-PAUL  |2 CL-VaPUC  |9 269377 
650 0 |a Crítica e interpretación   |9 255042 
583 |a last modification  |c 19890601 00:00:00  |k Rodrigo Vera 
490 0 |a Testigos del siglo XX, 8 
999 |c 221553  |d 221551 
952 |0 0  |1 0  |4 0  |6 194_000000000000000_ALB_1963  |7 0  |8 A  |9 215012  |a BIBTEO  |b BIBTEO  |d 2019-11-15  |i 2835762  |o 194 ALB 1963  |p 2835762  |r 2025-01-17  |w 2019-11-15  |y BK  |k ICR